00445nam a2200157Ia 4500100002100000250000600021942000700027654001600034245006400050260002200114082001800136300000800154546001200162999001700174952009600191 aKai/ Lai/ Chung  a3 cBK amathematics aElementary Probability Theory with Stochastic Processes bNarosa bookc1974 a658.4034bCHU a325 aENGLISH c28649d28649 001040708CRCaCRCEbCRCEd2023-03-17l0o658.4034 CHUp11269r2023-03-17w2023-03-17yBK